Statistics for Disney PIXAR Characters by Letter - H

Click here to take the quiz!

General Stats

  • This quiz has been taken 36 times
  • The average score is 4 of 8

Answer Stats

Movie/ShortDescriptionCharacters% Correct
Toy Story. Toy Story 2, Toy Story 3A piggy bank, who is sometimes called Evil Dr. PorkchopsHamm
91%
A Bug's LifeThe leader of the grasshoppersHopper
69%
A Bug's LifeA fat caterpillar who dreams of being a butterflyHeimlich
50%
Monsters IncAn arthropodic monster with a crab-like lower body; CEO of Monsters IncHenry J. Waternoose III
50%
Toy StorySid's younger brotherHannah Phillips
44%
Cars 2A purple, British spy car who is Finn's partnerHolley Shiftwell
41%
CarsLightning McQueen's agentHarv
28%
WALLEWALLE's cockroach friendHal
25%

Score Distribution

Percentile by Number Answered

Percent of People with Each Score

Your Score History

You have not taken this quiz